Statistics for Buffalo Sabres Roster

Click here to take the quiz!

General Stats

  • This quiz has been taken 27 times
    (9 since last reset)
  • The average score is 19 of 24

Answer Stats

PositionAnswer% Correct
Right WingAlex Tuch
100%
GoaltenderDevon Levi
100%
CenterDylan Cozens
100%
GoaltenderEric Comrie
100%
DefensemanHenri Jokiharju
100%
Right WingJack Quinn
100%
Left WingJeff Skinner
100%
Right WingJohn-Jason Peterka
100%
DefensemanOwen Power
100%
CenterPeyton Krebs
100%
DefensemanRasmus Dahlin
100%
CenterTage Thompson
100%
GoaltenderUkko-Pekka Luukkonen
100%
CenterZemgus Girgensons
100%
DefensemanBowen Byram
80%
DefensemanMattias Samuelsson
80%
Left WingZach Benson
80%
DefensemanJacob Bryson
60%
Right WingVictor Olofsson
60%
DefensemanConnor Clifton
40%
Left WingJordan Greenway
40%
Right WingLukáš Rousek
40%
CenterTyson Jost
20%
Left WingEric Robinson
0%

Score Distribution

Percentile by Number Answered

Percent of People with Each Score

Your Score History

You have not taken this quiz since the last reset